MARC details
| 000 -CABECERA |
| campo de control de longitud fija |
01821nam a2200277 a 4500 |
| 005 - FECHA Y HORA DE LA ÚLTIMA TRANSACCIÓN |
| campo de control |
20240904154311.0 |
| 008 - DATOS DE LONGITUD FIJA--INFORMACIÓN GENERAL |
| campo de control de longitud fija |
240826s2021 ag ||||fr|||| 000 0 spa d |
| 020 ## - NÚMERO INTERNACIONAL NORMALIZADO PARA LIBROS |
| Número Internacional Normalizado del libro |
9789875388369 |
| 040 ## - FUENTE DE CATALOGACIÓN |
| Agencia de catalogación original |
MX-MxUPN |
| Idioma de catalogación |
spa |
| Agencia que realiza la transcripción |
MX-MxUPN |
| 041 0# - |
| -- |
spa |
| 050 14 - |
| -- |
LC5800 |
| -- |
A95 2021 |
| 245 00 - MENCIÓN DE TÍTULO |
| Título |
Aulas híbridas y bimodalidad : |
| Parte restante del título |
entornos integrados de aprendizajes |
| 250 ## - MENCIÓN DE EDICIÓN |
| Mención de edición |
1a. edición. |
| 260 ## - PUBLICACION, DISTRIBUCION, ETC. (PIE DE IMPRENTA) |
| Lugar de publicación, distribución, etc. |
Buenos Aires, Argentina : |
| Nombre del editor, distribuidor, etc. |
Noveduc, |
| Fecha de publicación, distribución, etc. |
2021 |
| 300 ## - DESCRIPCIÓN FÍSICA |
| Extensión |
149 páginas |
| 490 0# - |
| -- |
Noveduc gestión ; |
| -- |
22 |
| 505 00 - |
| -- |
La configuración de entornos integrados de aprendizaje / |
| -- |
María Belén Barrionuevo Vidal -- |
| -- |
Enseñar y evaluar en contextos de incertidumbre / |
| -- |
Mariana Ferrarelli, Mariana Ornique, María José Sabelli, Marta Alicia Tenutto Soldevilla -- |
| -- |
De la información y la comunicación (TIC) al aprendizaje y el conocimiento (TAC) para el empoderamiento y la participación (TEP). ¿Cómo implementarlas? / |
| -- |
María Belén Barrionuevo Vida, Marta Alicia Tenutto Soldevilla -- |
| -- |
Enseñanza y currículum en la educación bimodal / |
| -- |
Gerardo Britos -- |
| -- |
La enseñanza online hecha realidad / |
| -- |
Sandra Revale, Cristina Banfi -- |
| -- |
Comunicación dialógica vincular en las instituciones educativas / |
| -- |
Raúl Alberto Irigoyen, Marta Alicia Tenutto Soldevilla -- |
| -- |
Evolución y perspectivas de la salud escolar. Vinculación escuela-universidad para el mejoramiento de los aprendizajes y la salud infantil / |
| -- |
Adriana Victoria Camio. |
| 650 #4 - |
| -- |
Educación a distancia |
| -- |
7924 |
| 650 #4 - |
| -- |
Tecnología educativa |
| -- |
4978 |
| 700 1# - |
| -- |
Barrionuevo Vida, María Belén |
| -- |
53413 |
| -- |
coordinación |
| 700 1# - |
| -- |
Tenutto Soldevilla, Marta Alicia |
| -- |
53414 |
| -- |
coordinación |
| 902 ## - ELEMENTOS DE DATOS B LOCAL, LDB (RLIN) |
| Creó |
GCH260824 |
| Modificó |
Víctor Ruiz/040924 |
| 942 ## - ELEMENTOS DE PUNTO DE ACCESO ADICIONAL (KOHA) |
| Fuente del sistema de clasificación o colocación |
Library of Congress Classification |
| Tipo de ítem Koha |
Libro |